Health care politics : ideological and interest group barriers to reform

Αποθηκεύτηκε σε:
Λεπτομέρειες βιβλιογραφικής εγγραφής
Κύριος συγγραφέας: Alford, Robert R.
Μορφή: Βιβλίο
Γλώσσα:English
Δημοσίευση: Chicago : University of Chicago Press, [1975]
Θέματα:
Ετικέτες: Προσθήκη ετικέτας
Δεν υπάρχουν, Καταχωρήστε ετικέτα πρώτοι!

MARC

LEADER 00000cam a2200000 i 4500
001 1/3422
008 000520s1975 eng d
020 |a 0226013790 
035 |l 10060792 
040 |a GR-MY-UA  |b gre  |e aacr 
041 0 |a eng 
082 0 |a 362.10973 
100 1 |a Alford, Robert R. 
245 1 0 |a Health care politics :  |b ideological and interest group barriers to reform /  |c [by] Robert R. Alford 
260 |a Chicago :   |b University of Chicago Press,   |c [1975] 
300 |a xiv, 294 p.;  |c 23 cm. 
504 |a Includes index 
650 0 0 |a Medical care  |z United States. 
650 0 0 |a Medical care  |z New York (State)  |z New York. 
650 0 0 |a Medical policy  |z United States. 
852 |a INST  |b LESVOS  |e 20000520  |h 362.10973 ALF  |p 005100020723  |q 005100020723  |t BK  |y 0 
901 |a BIBL1-2000-2 
909 |a Λ  |b 077052 
970 |z 2000/05/ΜΙΧΑΗΛΙΔΟΥ ΑΝΝΑ